Hỏi và đáp môn kinh tế chính trị Mác- Lênin
Đã lưu trong:
| 主要作者: | |
|---|---|
| 格式: | 图书 |
| 语言: | Undetermined |
| 出版: |
Tp. HCM
Trẻ
|
| 主题: | |
| 标签: |
添加标签
没有标签, 成为第一个标记此记录!
|
| Thư viện lưu trữ: | Trung tâm Học liệu Trường Đại học Cần Thơ |
|---|
| LEADER | 00488nam a2200169Ia 4500 | ||
|---|---|---|---|
| 001 | CTU_51481 | ||
| 008 | 210402s9999 xx 000 0 und d | ||
| 020 | |b 21000 | ||
| 082 | |a 335.412 | ||
| 082 | |b D513 | ||
| 100 | |a Trần Thanh Dũng | ||
| 245 | 0 | |a Hỏi và đáp môn kinh tế chính trị Mác- Lênin | |
| 245 | 0 | |c Trần Thanh Dũng | |
| 260 | |a Tp. HCM | ||
| 260 | |b Trẻ | ||
| 650 | |a marxian economics | ||
| 980 | |a Trung tâm Học liệu Trường Đại học Cần Thơ | ||